Bioinformatics : (Record no. 186434)
[ view plain ]
| 000 -LEADER | |
|---|---|
| fixed length control field | 00741nam a2200229Ia 4500 |
| 005 - DATE AND TIME OF LATEST TRANSACTION | |
| control field | 20220802145605.0 |
| 008 - FIXED-LENGTH DATA ELEMENTS--GENERAL INFORMATION | |
| fixed length control field | 210716s2003 xx 000 0 und d |
| 020 ## - INTERNATIONAL STANDARD BOOK NUMBER | |
| International Standard Book Number | 8176710369 |
| 040 ## - CATALOGING SOURCE | |
| Transcribing agency | AIMIT LIBRARY |
| 041 ## - LANGUAGE CODE | |
| Language code of text/sound track or separate title | eng |
| 082 ## - DEWEY DECIMAL CLASSIFICATION NUMBER | |
| Classification number | 574.80285 |
| Edition number | 2 |
| Item number | BALP |
| 100 ## - MAIN ENTRY--PERSONAL NAME | |
| Personal name | Baldi, Pierre. |
| 9 (RLIN) | 54397 |
| 245 ## - TITLE STATEMENT | |
| Title | Bioinformatics : |
| Remainder of title | machine learning approach / |
| Statement of responsibility, etc. | By Pierre Baldi and Soren Brunak. |
| 250 ## - EDITION STATEMENT | |
| Edition statement | 2nd ed. |
| 260 ## - PUBLICATION, DISTRIBUTION, ETC. | |
| Place of publication, distribution, etc. | New Delhi : |
| Name of publisher, distributor, etc. | Affiliated East- West Press Ltd , |
| Date of publication, distribution, etc. | 2003. |
| 300 ## - PHYSICAL DESCRIPTION | |
| Extent | xxi, 452p. ; |
| Dimensions | 22.5 cm. |
| 650 ## - SUBJECT ADDED ENTRY--TOPICAL TERM | |
| Topical term or geographic name entry element | Machine learning algorithms |
| 9 (RLIN) | 54398 |
| 650 ## - SUBJECT ADDED ENTRY--TOPICAL TERM | |
| Topical term or geographic name entry element | Neural networks: applications |
| 9 (RLIN) | 54399 |
| 650 ## - SUBJECT ADDED ENTRY--TOPICAL TERM | |
| Topical term or geographic name entry element | Statistics |
| 9 (RLIN) | 54400 |
| 700 ## - ADDED ENTRY--PERSONAL NAME | |
| Personal name | Brunak, Soren. |
| 9 (RLIN) | 54401 |
| 942 ## - ADDED ENTRY ELEMENTS (KOHA) | |
| Source of classification or shelving scheme | Dewey Decimal Classification |
| Koha item type | Book |
| Edition | 2nd |
| Call number prefix | 574.80285 BALP |
| Withdrawn status | Lost status | Source of classification or shelving scheme | Damaged status | Not for loan | Collection code | Home library | Current library | Source of acquisition | Cost, normal purchase price | Inventory number | Total Checkouts | Full call number | Barcode | Date last seen | Cost, replacement price | Price effective from | Koha item type |
|---|---|---|---|---|---|---|---|---|---|---|---|---|---|---|---|---|---|
| Dewey Decimal Classification | MCA | St Aloysius Institute of Management & Information Technology | St Aloysius Institute of Management & Information Technology | Gangarams Book Bureau | 425.00 | Bill no:3753; Bill dt:2004-06-07 | 574.80285 BALP | MCA05909 | 07/21/2025 | 382.50 | 07/16/2021 | Book | |||||
| Dewey Decimal Classification | Reference Book | MCA | St Aloysius Institute of Management & Information Technology | St Aloysius Institute of Management & Information Technology | Premier Bookshop | 425.00 | Bill no:061/jn/2004; Bill dt:200 | 574.80285 BALP | MCA05942 | 07/21/2025 | 340.00 | 07/16/2021 | Book | ||||
| Dewey Decimal Classification | MCA | St Aloysius Institute of Management & Information Technology | St Aloysius Institute of Management & Information Technology | Athulya Books | 425.00 | Bill no:ABK 871; Bill dt:2008-03 | 574.80285 BALP | MCA08000 | 07/21/2025 | 340.00 | 07/16/2021 | Book | |||||
| Dewey Decimal Classification | MCA | St Aloysius Institute of Management & Information Technology | St Aloysius Institute of Management & Information Technology | Athulya Books | 425.00 | Bill no:ABK 594; Bill dt:2011-10 | 574.80285 BALP | MCA11357 | 07/21/2025 | 318.75 | 07/16/2021 | Book |